Extraction of Contact Lilst From CDR (Hard / Soft-copy) (Record no. 212192)

000 -LEADER
fixed length control field 00410 a2200157 4500
003 - CONTROL NUMBER IDENTIFIER
control field Nust
005 - DATE AND TIME OF LATEST TRANSACTION
control field 20170207165509.0
040 ## - CATALOGING SOURCE
Transcribing agency Nust
082 ## - DEWEY DECIMAL CLASSIFICATION NUMBER
Classification number 005.1
100 ## - MAIN ENTRY--PERSONAL NAME
Personal name Aziz, Hina BESE-16
245 ## - TITLE STATEMENT
Title Extraction of Contact Lilst From CDR (Hard / Soft-copy)
Statement of responsibility, etc. Hina Aziz, Amna Feroze, Aida Zahid BESE-16
260 ## - PUBLICATION, DISTRIBUTION, ETC.
Place of publication, distribution, etc. MCS
Name of publisher, distributor, etc. Rawalpindi
Date of publication, distribution, etc. 2014
300 ## - PHYSICAL DESCRIPTION
Extent 130 p
650 ## - SUBJECT ADDED ENTRY--TOPICAL TERM
Topical term or geographic name entry element UG Projects
651 ## - SUBJECT ADDED ENTRY--GEOGRAPHIC NAME
Geographic name UG CSE Project
942 ## - ADDED ENTRY ELEMENTS (KOHA)
Koha item type
Holdings
Withdrawn status Lost status Source of classification or shelving scheme Damaged status Not for loan Permanent Location Current Location Shelving location Date acquired Full call number Barcode Date last seen Price effective from Koha item type Public note
          Military College of Signals (MCS) Military College of Signals (MCS) Reference 12/12/2016 005.1,AZI MCSPCS-249 12/08/2016 12/12/2016 Project Report Almirah No. 89, Shelf No. 4
© 2023 Central Library, National University of Sciences and Technology. All Rights Reserved.